|
|
|
|
| LEADER |
00604nam a22001817i 4500 |
| 003 |
GR-PaULI |
| 005 |
20170926135003.0 |
| 008 |
170926s1984 gr ||||g |||| 00| d gre d |
| 020 |
|
|
|a 2863520148
|
| 040 |
|
|
|a GR-PaULI
|b gre
|c GR-PaULI
|e AACR2
|
| 082 |
0 |
4 |
|a 891.8
|2 23
|
| 100 |
1 |
|
|9 164377
|a Mrozek, Slawomir,
|d 1930-2013.
|e συγγραφέας
|
| 245 |
1 |
0 |
|a Fete:
|c Slawomir Mrozek ; adaptation francaise de Sofia Bobowicz.
|b suivi de le martyre de Pierre Ohey /
|
| 260 |
|
|
|a Troyes :
|b Librairie bleue,
|c 1984.
|
| 300 |
|
|
|a 72 σ. ;
|c 21 εκ.
|
| 942 |
|
|
|2 ddc
|c BK15
|
| 998 |
|
|
|c ΜΑΝΙΑ
|d 2017-09
|
| 999 |
|
|
|c 130870
|d 130870
|